<?xml version="1.0" encoding="UTF-8"?>
<collection xmlns="http://www.loc.gov/MARC21/slim">
  <record>
    <leader>00000nam  2200000   4500</leader>
    <controlfield tag="001">INLIS000000000020694</controlfield>
    <controlfield tag="005">20250730023134</controlfield>
    <datafield tag="035" ind1="#" ind2="#">
      <subfield code="a">0010-0725000224</subfield>
    </datafield>
    <controlfield tag="007">ta</controlfield>
    <controlfield tag="008">250730################|##########|#|##</controlfield>
    <datafield tag="084" ind1="#" ind2="#">
      <subfield code="a">R 0001 PKP 2024</subfield>
    </datafield>
    <datafield tag="100" ind1=" " ind2="#">
      <subfield code="a">Linda Futriani</subfield>
    </datafield>
    <datafield tag="245" ind1="1" ind2="#">
      <subfield code="a">Strategi Peningkatan Layanan Publik Menggunakan Transformasi Berbasis Digital Dalam Pengelolaan Media Sosial Di BDI Surabaya /</subfield>
      <subfield code="c">Linda Futriani</subfield>
    </datafield>
    <datafield tag="260" ind1="#" ind2="#">
      <subfield code="a">Jakarta :</subfield>
      <subfield code="b">Pusbangkom Pimnas dan Manajerial ASN,</subfield>
      <subfield code="c">2024</subfield>
    </datafield>
    <datafield tag="300" ind1="#" ind2="#">
      <subfield code="a">42 hlm. ;</subfield>
      <subfield code="c">30 cm</subfield>
    </datafield>
    <datafield tag="650" ind1="#" ind2="4">
      <subfield code="a">Media Sosial</subfield>
    </datafield>
    <datafield tag="650" ind1="#" ind2="4">
      <subfield code="a">Pelayanan Publik</subfield>
    </datafield>
    <datafield tag="520" ind1="#" ind2="#">
      <subfield code="a">Kualitas pelayanan publik di BDI Surabaya memiliki dampak langsung terhadap kepuasan pelanggan, yaitu para peserta diklat. Abstrak ini akan menganalisis hubungan antara kualitas pelayanan publik dengan tingkat kepuasan peserta diklat di BDI Surabaya. Melalui survey kepuasan pelanggan dan analisis data kuantitatif, abstrak ini akan mengidentifikasi faktor-faktor pelayanan publik yang paling berpengaruh terhadap kepuasan peserta diklay dan memberikan rekomendai untuk meningkatkan kualitas peplayanan.</subfield>
    </datafield>
    <datafield tag="990" ind1="#" ind2="#">
      <subfield code="a">2024/1.2.4/A/0001</subfield>
    </datafield>
  </record>
</collection>
